000 00267nam a2200109Ia 4500
008 220204s9999 xx 000 0 und d
082 _a338.433
_bRHO
100 _aRhodes, V James
245 0 _aAgricultural marketing system
260 _aOhio
_bGrid
_c1978
942 _cBK
999 _c34721
_d34721